000 00366 a2200109 4500
001 ART_2712
005 20260410161709.0
008 260409a
245 1 0 _aAlgunos problemas en la teoría del crecimiento y la política de planificación
100 1 _aDobb, Maurice
773 0 _tDesarrollo económico
_g- Vol. 1, Nº 1 (abr./jun. 1961)
_wREV1174
999 _c15930
_d15930